| 000 | 00530nam a22001697a 4500 | ||
|---|---|---|---|
| 999 |
_c8438 _d8438 |
||
| 008 | 201124b ||||| |||| 00| 0 eng d | ||
| 040 | _aBMS College of Architecture | ||
| 100 | _aRao, D Disha | ||
| 245 | _aNari shakti - women empowerment center Honnudike | ||
| 300 | _a50p. | ||
| 500 | _a1BM14AT032 | ||
| 502 |
_8B,Arch _NBMS College of Architecture, Visvesvaraya Technological University; _aProject report _d2018 |
||
| 650 | _aEmpowerment | ||
| 700 |
_aShabtaka V _eGuide |
||
| 700 |
_aVinay Nandish _eGuide |
||
| 942 |
_2ddc _cTHE |
||